000 00204nam a22000857a 4500
008 161125b xxu||||| |||| 00| 0 eng d
100 _91431
_aSmith.J.L.
245 _aLanguage Arts-1-3
260 _aUSA
_bTCR
_c2003
999 _c4152
_d4152